00383nam a2200121Ia 4500008004100000082001300041100001900054245005000073260003200123365000600155630005000161730005000211100415s9999 xx 000 0 und d b905a570 aDarbishire AD aAn Introduction to a Biology and other Papers aLONDONc1917bCASSELL & CO. b0 aAn Introduction to a Biology and other Papers aAn Introduction to a Biology and other Papers